| 000 | 00934nam a2200277 i 4500 | ||
|---|---|---|---|
| 003 | DO-SdBNP | ||
| 005 | 20250916085041.0 | ||
| 006 | a||||gr|||| 00| 0 | ||
| 007 | ta | ||
| 008 | 230928e1995 dr ad||| |||| 00| 0 spa d | ||
| 040 |
_aDO-SdBNP _bspa _cBNPHU _erda |
||
| 041 | _aspa | ||
| 082 | 4 |
_a330.97293 _bS113e _222 |
|
| 245 | 0 | 0 |
_aSábado económico : _bnúmeros 261-312. / _cEditor, Andrés Dauhajre, hijo. |
| 264 | 1 |
_aSanto Domingo : _bFundación Economía y Desarrollo, _c1995 |
|
| 300 |
_a338 páginas : _bIlustraciones, gráficas ; _c23 cm. |
||
| 336 |
_2rdacontent _atexto _btxt |
||
| 337 |
_2rdamedia _asin mediación _bn |
||
| 338 |
_2rdacarrier _avolumen _bnc |
||
| 590 | _aInventariado 2023 / MF | ||
| 651 | 4 |
_aRepública Dominicana _xCondiciones económicas _y1961- _97344 |
|
| 651 | 4 |
_aAmérica Latina _xPolítica económica _y1982- _981872 |
|
| 700 | 1 |
_aDauhajre, Andrés _eeditor _96000 |
|
| 910 | _aMF | ||
| 942 |
_2ddc _cLBS1 |
||
| 999 |
_c55001 _d55001 |
||